000 00879nem0a2200265 4500
001 RU\NLR\BIBL_A\010916057
005 20250624201338.0
035 _a(NLR Aleph) 010916057
090 _a10654692
_c10654692
100 _a20151202d2015 |||y0rusy50 ca
101 0 _arus
102 _aRU
120 _abay xx||
123 1 _aa
_b15500
200 1 _aУлицы Волгограда и окрестностей
_bКарты
205 _a15-е изд., испр. и доп.
206 _a1:15 500, 155 м в 1 см
210 _aВолгоград
_cОтрок
_d2015
215 _a1 к. (48 с.)
_cцв., сб. л., указ.
_d29х21 см
509 0 1 _7ca
_aВолгоград,
_hгород
_92634154
_3RU\NLR\auth_crt\55982
606 1 _aПланы
_92178579
_3RU\NLR\auth_atl16\662
852 _aNLR
_bК
_j4-План 6/2704
_m88150
942 _cMAP
980 _aNB